Youtubers que falam português por imagem - Statistics

Estatísticas Gerais
  • Esse quiz foi jogado 265 vezes
  • A pontuação média é 9 de 16
Estatísticas das Respostas
Imagem Resposta % Correto
Felipe Neto
98%
Luccas Neto
97%
Você Sabia
94%
Whinderssonnunes
90%
Enaldinho
87%
rezendeevil
72%
AuthenticGames
63%
Porta dos Fundos
60%
Canal Nostalgia
51%
Renato Garcia
48%
Canal Canalha
46%
Robin Hood Gamer
26%
SirKazzio
23%
Spider Slack
20%
Bispo Bruno Leonardo
9%
MysteryGuitarMan
4%
Nenhum quiz correspondente encontrado
Distribuição das Pontuações
Porcentagem de Pessoas com Cada Pontuação
Percentil de Números Respondidos
Sua Pontuação Histórica
Você não jogou esse quiz